000 00396nam a22001577a 4500
999 _c2567
_d2567
003 URS
005 20220114142204.0
008 190214s ph a|||| |||| 00| 0 eng d
040 _beng
_cURS
_drda
050 1 4 _aQC 527.3
_b.D988
100 _aDuzon, P.N
245 1 0 _aGeneral electricity
_cP.N Duzon
260 _bPhilippine Book,
300 _a176 pages
_bwith illustrations
_c20 cm
942 _2lcc
_cF